| 000 | 00894nam a2200289Ia 4500 | ||
|---|---|---|---|
| 001 | Para_6488 | ||
| 003 | CHAP | ||
| 008 | 220125s1980 xx 000 0 und d | ||
| 010 | _a205346 | ||
| 040 | _cCHAP | ||
| 090 | _aPA FOLLETO 495 | ||
| 100 |
_aEspinosa Aburto, Javier _9171366 |
||
| 245 |
_aSorgo forrajero de riego en el Valle de Apatzingan, Mich. / _c por Javier Espinosa ABurto, Salvador Galvan C. |
||
| 260 |
_aMéxico : _b INIA. CIAPAC |
||
| 300 | _a1 hoja desplegable | ||
| 440 |
_aCIAPAC; 7 _9171367 |
||
| 650 |
_aSorgo como forraje _9108743 |
||
| 700 |
_aGalvan C.., Salvador _9171368 |
||
| 710 |
_aInstituto Nacional de Investigaciones Agrícolas (México). CIAPAC _9164327 |
||
| 901 | _aPA FOLLETO 495 | ||
| 902 | _aA | ||
| 905 | _a0000001980 0000000000 00 | ||
| 910 | _a1980 | ||
| 942 | _cPARA | ||
| 942 |
_cPARA _d1 |
||
| 999 |
_c205346 _d205346 |
||